000
00326nam a2200145Ia 4500
008
151213s9999 xx 000 0 und d
100
_a
Skinner
245
_a
Business
_c
Skinner
260
_a
U.S.A
_b
Irwin
_c
1992
300
_a
2783 p.
650
_a
Management
650
_a
Management
700
_a
Skinner
999
_c
1893
_d
1893